|
|
|
|
| LEADER |
01202nam a22003255i 4500 |
| 001 |
17726218 |
| 005 |
20131109115113.0 |
| 008 |
130506s2013 nyu 000 0 eng |
| 010 |
|
|
|a 2013939620
|
| 020 |
|
|
|a 9784431542513 (hard cover : alk. paper)
|
| 020 |
|
|
|a 9784431542520
|
| 022 |
|
|
|a 2196-4106
|
| 022 |
|
|
|a 2196-4114
|
| 040 |
|
|
|a DLC
|b eng
|e rda
|c DLC
|d BD-DhAAL
|
| 082 |
|
|
|a 363.346095492
|b 22
|
| 245 |
0 |
0 |
|a Disaster risk reduction approaches in Bangladesh /
|c Rajib Shaw, Fuad Mallik, Aminul Islam, editors.
|
| 260 |
|
|
|a Tokyo ;
|a New York :
|b Springer,
|c 2013
|
| 263 |
|
|
|a 1306
|
| 300 |
|
|
|a xii, 366 p :
|b ill. ;
|c 24 cm.
|
| 490 |
|
|
|a Disaster risk reduction
|
| 504 |
|
|
|a Includes bibliographical references.
|
| 541 |
|
|
|e 27687
|
| 650 |
|
|
|a Emergency management
|z Bangladesh
|9 3493
|
| 650 |
|
|
|a Hazard mitigation
|z Bangladesh
|9 3494
|
| 700 |
|
|
|a Shaw, Rajib.
|9 3420
|
| 700 |
|
|
|a Mallik, Fuad.
|9 3495
|
| 700 |
|
|
|a Islam, Aminul.
|9 3496
|
| 942 |
|
|
|2 ddc
|c BK
|
| 999 |
|
|
|c 14080
|d 14080
|
| 952 |
|
|
|0 0
|1 0
|2 ddc
|4 0
|6 363_346095492000000_DIS
|7 0
|9 23670
|a BRACUL
|b BRACUL
|c GEN
|d 2013-11-09
|e Karim International
|g 9400.00
|l 3
|m 5
|o 363.346095492 DIS
|p 3010027687
|r 2022-06-25
|s 2022-06-08
|t 1
|w 2013-11-09
|y BK
|